Ερευνα για τον προσδιορισμό ορίων φτώχειας και αποστέρησης στο Πέραμα : διανομή εισοδήματος,δείκτες και διαστάσεις φτώχειας στο Πέραμα : 3ο πρόγραμμα ενσωμάτωσης μη ευνοημένων ομάδων Περάματος
Αποθηκεύτηκε σε:
| Κύριος συγγραφέας: | |
|---|---|
| Μορφή: | Βιβλίο |
| Γλώσσα: | Greek |
| Δημοσίευση: |
Αθήνα :
1993
|
| Θέματα: | |
| Ετικέτες: |
Προσθήκη ετικέτας
Δεν υπάρχουν, Καταχωρήστε ετικέτα πρώτοι!
|
MARC
| LEADER | 00000nam a2200000 i 4500 | ||
|---|---|---|---|
| 001 | 1/99123 | ||
| 008 | 950323s1993 gre d | ||
| 035 | |l 10011184 | ||
| 040 | |a GR-MY-UA |b gre |e aacr | ||
| 041 | 0 | |a gre | |
| 082 | 0 | |a 362.5094951 | |
| 100 | 1 | |a Κανελλόπουλος, Κωσταντίνος Ν. | |
| 245 | 1 | 0 | |a Ερευνα για τον προσδιορισμό ορίων φτώχειας και αποστέρησης στο Πέραμα : |b διανομή εισοδήματος,δείκτες και διαστάσεις φτώχειας στο Πέραμα : 3ο πρόγραμμα ενσωμάτωσης μη ευνοημένων ομάδων Περάματος / |c Κωνσταντίνος Ν. Κανελλόπουλος |
| 260 | |a Αθήνα : |c 1993 | ||
| 300 | |a 155 σ. | ||
| 650 | 0 | 0 | |a Poverty |z Greece |z Perama. |
| 651 | 0 | |a Athens (Greece) |y Perama |x Economic conditions. | |
| 852 | |a INST |b LESVOS |e 19950323 |h 362.5094951 ΚΑΝ |p 005100002097 |q 005100002097 |t BK |y 0 | ||
| 852 | |a INST |b LESVOS |e 19950323 |h 362.5094951 ΚΑΝ |p 005100002098 |q 005100002098 |t BK |y 0 | ||
| 909 | |a Λ |b 036735 | ||
| 922 | |a 1ΔΩΡ |b 199409 |c ΤΚΑ | ||